MARC

LEADER 00000nam a22000007a 4500
001 28939
003 AGDB
005 20260324181533.0
008 250716b spa||||| |||| 00| 0 cat d
040 |a agdb  |b cat 
041 |a spa 
100 |a López, Ferran  |e autor  |9 52230 
240 |a Manual de desenvolupament d'audiències  |l [castellà] 
245 |a Manual de desarrollo de audiencias :   |b desde la proximidad /   |c Ferran López 
250 |a 1a edición: abril de 2020 
260 |a Barcelona :   |b Diputació de Barcelona ;   |c 2020 
300 |a 97 pàg. ;   |c 30 cm 
490 |a Colección Herramientas.   |a Serie Cultura ;   |v 1 
504 |a Conté referències bibliogràfiques. 
541 |a Donació de l'Oficina de Difusió Artística. 
546 |a També en català (R. 28938). 
650 0 |a Arts de l'espectacle  |x Màrqueting  |9 72289 
650 0 |a Espectacles i passatemps  |x Màrqueting  |9 72290 
655 0 |a Manuals, vademècums, etc.  |9 52956 
710 1 |a Barcelona (Catalunya : Província).  |b Oficina de Difusió Artística  |9 52669  |e entitat promotora 
856 4 0 |u https://llibreria.diba.cat/es/libro/manual-de-desarrollo-de-audiencias_64174  |y Accés lliure (Llibreria de la Diputació de Barcelona) 
942 |2 udc  |c ARXIU  |n 1 
952 |0 0  |1 0  |4 0  |6 BIB1333  |7 1  |9 98276  |a Arxiu  |b Arxiu  |d 2025-07-16  |l 0  |o Bib-1333  |p 28939  |r 2025-07-16 00:00:00  |w 2025-07-16  |y ARXIU 
999 |c 130054  |d 130054